000 00242 a2200085 4500
020 _a9781875093694
082 _2636.70890968 OBER
_a636.70890968
_b1
100 _aOBEREM, PAMELA
245 _aA GUIDE TO ANIMAL DISEASES IN SOUTH AFRICA CATS AND DOGS
999 _c779650
_d779649
942 _w438
_xLucy Nkosi
_y438
_zLucy Nkosi